Evolution of Party Autonomy in International civil disputes
This only a publication that marks the starting point of comparative reseach between Japanese and Singapore private international law in the narrower sense
保存先:
| フォーマット: | 図書 |
|---|---|
| 言語: | Undetermined |
| 出版事項: |
Dayton, Ohio
LexisNexis
2005
|
| 主題: | |
| タグ: |
タグ追加
タグなし, このレコードへの初めてのタグを付けませんか!
|
| Thư viện lưu trữ: | Trung tâm Học liệu Trường Đại học Cần Thơ |
|---|
| LEADER | 00859nam a2200193Ia 4500 | ||
|---|---|---|---|
| 001 | CTU_136812 | ||
| 008 | 210402s9999 xx 000 0 und d | ||
| 082 | |a 341.4 | ||
| 082 | |b W919 | ||
| 245 | 0 | |a Evolution of Party Autonomy in International civil disputes | |
| 245 | 0 | |c [organised by] Center for Legal Dynamics of Advanced Market Societies, Kobe University. | |
| 260 | |a Dayton, Ohio | ||
| 260 | |b LexisNexis | ||
| 260 | |c 2005 | ||
| 520 | |a This only a publication that marks the starting point of comparative reseach between Japanese and Singapore private international law in the narrower sense | ||
| 650 | |a Conflict of laws,Civil procedure (International law),Jurisdiction (International law),Trung tâm Học liệu ĐHCT | ||
| 650 | |x Xung đột các luật | ||
| 904 | |i Năm | ||
| 980 | |a Trung tâm Học liệu Trường Đại học Cần Thơ | ||